| 000 | 01122nam a2200301 a 4500 | ||
|---|---|---|---|
| 999 |
_c7474 _d7474 |
||
| 001 | 991011490729706706 | ||
| 003 | OSt | ||
| 005 | 20211201131950.0 | ||
| 008 | 020404s2001 sp |||||| 001 ||spa|c | ||
| 020 | _a8479480467 | ||
| 035 | _a(ES-BaCBU)b27768065-34csuc_network | ||
| 035 | _a(ES-BaCBU).b27768065 | ||
| 035 | _a(ccuc001)b27768065 | ||
| 040 |
_aES-BaCBU _bcat _cCDMR |
||
| 100 | 1 | _aPostman, Neil. | |
| 245 | 1 | 0 |
_aDivertirse hasta morir : _bel discurso público en la era del "show business" / _cNeil Postman ; traducción de Enrique Odell |
| 250 | _a2ª ed. | ||
| 260 |
_aBarcelona : _bEdiciones de la Tempestad, _c2001 |
||
| 300 |
_a195 pàgines; _c22 cm |
||
| 500 | _aEd. orig.: Amusing ourselves to death : public discourse in the age of show business. New York : Viking Penguin, 1985 | ||
| 650 | 0 | 4 |
_aMitjans de comunicació de massa _xInfluència |
| 650 | 0 | 4 |
_aMitjans de comunicació de massa _zEstats Units d'Amèrica |
| 830 | 0 |
_aIdeas (Tempestad) ; _v1 |
|
| 907 |
_a.b27768065 _b22-04-20 _c08-05-08 _d04-04-02 _em _fa _g- _hspa _isp _j0 _k1 |
||
| 908 |
_aUAO _aUIC |
||
| 940 | _aUdG | ||
| 942 |
_2udc _cMON |
||